| 000 | 00846cam a22002775a 4500 | ||
|---|---|---|---|
| 001 | 015748613 | ||
| 003 | OSt | ||
| 005 | 20170611102727.0 | ||
| 008 | 110202t2012 at a frbd 001 0 eng d | ||
| 020 | _a1111829535 | ||
| 020 | _a9788122436440 | ||
| 040 |
_aStDuBDS _beng _cStDuBDS _dUk _dEG-ScBUE |
||
| 082 | 0 | 4 |
_a302.23 _bBIA _222 |
| 100 | 1 |
_937804 _aBiagi, Shirley |
|
| 245 | 1 | 0 |
_aMedia/impact : _ban introduction to mass media / _cShirley Biagi. |
| 250 | _a10th ed., International ed. | ||
| 260 |
_aCanberra : _bWadswort / Cengage Learning, _cc.2012. |
||
| 300 |
_axxxiv, 430 p. : _bill. (col.) ; _c27 cm. |
||
| 500 | _aIndex : p. 410-430. | ||
| 500 | _aGlossary : p. 383-386. | ||
| 504 | _aBibliography : p. 387-409. | ||
| 650 | 7 |
_aMass media. _2BUEsh _99699 |
|
| 651 | _2BUEsh | ||
| 653 |
_bCOMAME _cApril2015 |
||
| 942 |
_2ddc _k302.23 BIA |
||
| 999 |
_c19250 _d19222 |
||